|
|
|
|
| LEADER |
01253nam a22002177a 4500 |
| 020 |
|
|
|a 978-81-264-1942-5
|
| 082 |
|
|
|a 823
|b KUN/T Q4.M
|
| 100 |
|
|
|a കുന്ദേര, മിലന്;
|9 60394
|
| 100 |
|
|
|a Kundera, Milan
|9 275800
|
| 240 |
|
|
|a Uyiratayalangal = Linsoutenable legerete delete (French) = The unbreakable lightness of being (English - 1984, 1987)
|
| 245 |
|
|
|a ഉയിരടയാളങ്ങള് = ദി അണ്ബെയറബിള് ലൈറ്റ്നസ് ഓഫ് ബീയിംഗ് (ഇംഗ്ലീഷ് - 1984, 1987)
|
| 250 |
|
|
|a 2nd / 1st (2008)
|
| 260 |
|
|
|a Kottayam;
|b D C Books;
|c 2014
|
| 300 |
|
|
|a 260p.
|
| 650 |
|
|
|a മലയാളം; നോവല്; മലയാളം നോവല്; ഫ്രഞ്ച് വിവര്ത്തന നോവല്
|9 275801
|
| 650 |
|
|
|a Malayalam; Novel; Malayalam Novel; French Translated Novel
|9 275317
|
| 700 |
|
|
|a ശ്രീദേവി എസ് കര്ത്ത, വിവ.
|9 60398
|
| 700 |
|
|
|a Sreedevi S Kartha, Tr.
|9 60399
|
| 942 |
|
|
|c BK
|
| 999 |
|
|
|c 43538
|d 43538
|
| 952 |
|
|
|0 0
|1 0
|4 0
|6 843_000000000000000_KUN_T_Q4_M
|7 0
|8 NOVET
|9 50221
|a MAL
|b MAL
|d 2015-08-25
|e 56076
|g 175.00
|l 0
|o 843 KUN/T Q4.M
|p MAL056076
|r 2015-08-25
|t 1
|w 2015-08-25
|y BK
|